000 00237nam a22000857a 4500
999 _c11564
_d11564
008 190618b ||||| |||| 00| 0 eng d
100 _aSharma .v.d.etal
_97271
245 _a Introducing to physical education
260 _aNew Delhi
_bAPC
_c2018